01026cam a2200265 a 4500001000500000005001700005020001500022040002600037050002300063082000800086100001800094245005300112250002300165260003500188300002300223490003300246500005200279505000600331505008400337520023800421521001800659521001800677650003400695650003100729185020250827094158.0 a0760795118 aTxWMcTxWMdTxWMdDLC00aPZ7.H1996bBi 2005 aFic1 aHapka, Cathy.10aBionicle chronicles collection /cby C.A. Hapka. aBarnes & Noble ed. aNew York :bScholastic,c2005. a436 pages ;c20 cm aBionicle Chronicles vBook 2 a"Based on the Lego characters!"--P. 4 of cover.0 aK0 aTale of the Toa -- Beware the Bohrok -- Makuta's revenge -- Tales of the masks. a"After a long and difficult journey, the Toa have finally embraced their destiny. Despite their differences, they have joined together as a mighty force for good. But will their combined powers be enough to take on Makuta's minions?" a570 bLexile aK bRaz-Plus 0aChildren's stories, American. 0aScience fiction, American.